000 04223nab a2200325 i 4500
003 BR-BrBNA
005 20241211152655.0
008 241211b2017 bl.mr|pooa||| 00| 0 eng |
040 _aBR-BrBNA
_beng
072 _aL40
_b8140
072 _aL60
100 _aGuimarães, Irũ Menezes
100 _aDias Filho, Vinícius Augusto
100 _aSilva, Ana Helena Gomes da
100 _aSantos, Rafael Silva
100 _aSeveri, William
245 _aMorphological development of larvae and juveniles of Prochilodus argenteus
500 _aPublicação on-line; 26 ref.; 2 illus; 2 tables; Sumaries (En, Pt)
520 _a ABSTRACT - Prochilodus argenteus is an endemic fish species from the São Francisco River basin that is of high economic and environmental importance. The present study aimed to contribute with information to the taxonomic identification of larvae and juveniles of this species. Larvae, obtained from induced spawning of wild animals, were reared in ponds. Individuals were collected daily and classified into larval stages or juvenile phase. Morphological descriptions and morphometric measurements were performed, together with a piece wise linear regression analysis of the body proportions throughout the development process. Individuals in the preflexion stage had a standard length (SL) of 4.48 to 6.64mm, long to moderate body (BH/SL), small to moderate head (HL/SL), and a small to moderate eye (ED/HL). In the flexion stage, the SL varied from 6.60 to 11.00mm, long to moderate body, moderate head, and small to moderate eye. Larvae in the postflexion stage presented SL of 10.54-19.93mm, moderate body, moderate to big head and small eye. The juvenile phase included specimens with a SL of 18.27 to 42.21mm which presented a moderate to high body, big head and small to moderate eye. Regression analysis showed significant moments of change in rate of increase of the body proportions, presenting a change in the growth pattern from allometry to isometry during the early development. Key words: curimatã, early development, morphometry, São Francisco River.
520 _a RESUMO - Prochilodus argenteus é uma espécie de peixe endêmica da bacia do Rio São Francisco, com importância econômica e ecológica para a região. O objetivo deste trabalho foi contribuir com informações para a identificação taxonômica de larvas e jovens da espécie. As larvas foram obtidas através de reprodução induzida de animais selvagens e cultivadas em viveiros. Os peixes foram coletados diariamente e classificados nos estágios larvais e fase juvenil. Foi realizada a descrição morfológica e medidas morfométricas, além de uma análise de regressão linear segmentada das proporções corporais ao longo do desenvolvimento. O estágio de pré-flexão apresentou indivíduos com comprimento padrão (CP) de 4,48 a 6,64mm, corpo longo a moderado (AC/CP), cabeça pequena a moderada (CC/CP) e olho pequeno a moderado (DO/CC). Em flexão, o CP variou de 6,60 a 11,00mm com corpo longo a moderado, cabeça moderada e olho pequeno a moderado. No estágio de pós-flexão, as larvas apresentaram CP de 10,54 a 19,93mm, corpo moderado, cabeça moderada a grande e olho pequeno. A fase juvenil compreendeu indivíduos de 18,27 a 42,21mm CP, corpo moderado a alto, cabeça grande e olho pequeno a moderado. As análises de regressão evidenciaram os momentos significativos de mudança no ritmo de incremento das proporções corporais, demonstrando uma mudança no padrão de crescimento de alométrico para isométrico durante o desenvolvimento inicial. Palavras-chave: curimatã, desenvolvimento inicial, morfometria, rio São Francisco.
650 _aCURIMATÃ
650 _aPEIXE DE ÁGUA DOCE
650 _aMORFOLOGIA ANIMAL
650 _aALEVINO
650 _aTAXONOMIA
773 0 _02408
_9346530
_dSanta Maria-RS Universidade Federal de Santa Maria - Centro de Ciências Rurais 1991
_o2024-7201
_tCiência Rural (Brazil)
_x0103-8478 Versão online ISSN 1678-4596
_gv. 47(4) p. 1-8 ; (2017)
_wBR2024004045
856 _uhttps://www.scielo.br/j/cr/a/TG5s3DcnLwx9ZV9CnzDtdyK/?format=pdf&lang=en
942 _cANA
999 _c329189
_d329189